Самые посещаемые сайты в мире - Statistics

General Stats
  • This quiz has been taken 60 times
  • The average score is 8 of 20
Answer Stats
Сайт Визитов в месяц % Correct
Google 136 млрд
93%
YouTube 72.8 млрд
79%
Facebook 12.7 млрд
74%
Instagram 6.8 млрд
74%
X 4.3 млрд
72%
Yandex 4 млрд
72%
TikTok 2.5 млрд
63%
PornHub 5.3 млрд
61%
Twitter 2.7 млрд
51%
Wikipedia 6.9 млрд
51%
Amazon 3.6 млрд
46%
Netflix 2.5 млрд
25%
Yahoo 3.5 млрд
23%
Whatsapp 4 млрд
19%
Reddit 6 млрд
18%
ChatGPT 4.8 млрд
16%
Bing 5.2 млрд
9%
DuckDuckGo 3.1 млрд
2%
XVideos 3.5 млрд
2%
MSN 2.6 млрд
0%
No matching quizzes found
Score Distribution
Percent of People with Each Score
Percentile by Number Answered
Your Score History
You have not taken this quiz